000 00564nam a2200205Ia 4500
003 GCL
008 140319s9999 xx 000 0 ara d
040 _aGCL /
_cGCL
082 0 4 _aط
_b239
_bم م
100 1 _aمحمد احمد برانق
245 1 0 _aمع القبائل /
_cمحمد احمد برانق
260 _a[S.N] :
_bدار المعارف
490 _a
650 0 4 _aالاطفال
650 0 4 _aالقصص
650 0 4 _aقصص الاطفال
650 0 4 _aقصص الانبياء
650 0 4 _aالقصص الدينية
942 _2ddc
_cBK
999 _c34401
_d34401